000 01635nam a2200493 i 4500
001 55952
003 KOSZ 005
005 20220407075437.0
008 070810s2007 pl a |001 0 pol
015 _aUWD 2007/16967
020 _a9788370733056
035 _a991034679149705066
035 _a(PL-WaBN)b19334321-48omnis_nlop
035 _ab19334321
035 _a(OCoLC)749464650
035 _azz2007949509
035 _a(PL)b0000001933432
035 _a(EXLNZ-48OMNIS_NETWORK)9910016814505606
040 _aWA N
_cWA N
_dKOSZ 005/HR
046 _k2007
080 _a630.13
080 _a632.7
080 _a595.7
100 1 _aStocki, Jacek
_eAutor
245 1 0 _aSzkodniki nasion i owoców drzew i krzewów leśnych /
_cJacek Stocki, Stanisław Kinelski, Robert Dzwonkowski.
260 _aWarszawa :
_bMulitico Oficyna Wydawnicza,
_ccop. 2007.
300 _a80 s. :
_bil. kolor. ;
_c20 cm.
336 _aTekst
_btxt
_2rdacontent
337 _aBez urządzenia pośredniczącego
_bn
_2rdamedia
338 _aWolumin
_bnc
_2rdacarrier
380 _aKsiążki
388 _a2001-
504 _aBibliogr. s. 73-75. Indeks.
650 7 _aOwady leśne
_2DBN
650 7 _aOwady szkodliwe
_2DBN
658 _aBiologia
658 _aRolnictwo i leśnictwo
700 1 _aDzwonkowski, Robert
_eAutor
700 1 _aKinelski, Stanisław
_d(1929-2014)
_eAutor
710 2 _aMultico Oficyna Wydawnicza
_4pbl
856 _uhttp://koha.tu.koszalin.pl/cgi-bin/koha/opac-detail.pl?biblionumber=55952
_yKatalog online BPK
942 _2UKD
_cKS
999 _c55952
_d55952